Nihon keizai jiten /
Saved in:
| Other Authors: | |
|---|---|
| Format: | Book |
| Language: | Japanese |
| Published: |
Tōkyō :
Nihon Keizai Shinbunsha,
Shōwa 56 [1981]
|
| Subjects: | |
| Tags: |
Add Tag
No Tags, Be the first to tag this record!
|
| LEADER | 00658cam a2200217Ia 4500 | ||
|---|---|---|---|
| 001 | 007765530-3 | ||
| 005 | 20020606104010.5 | ||
| 008 | 830525s1981 ja a 001 0 jpnr | ||
| 010 | |a 81808849 | ||
| 035 | 0 | |a ocm09543754 | |
| 040 | |a DLC |c OSU |d OSU |d CUS |d YNH | ||
| 050 | |a HC462.9 |b .N4855 | ||
| 245 | 0 | 0 | |a Nihon keizai jiten / |c Kanamori Hisao ... [et al.] |
| 260 | |a Tōkyō : |b Nihon Keizai Shinbunsha, |c Shōwa 56 [1981] | ||
| 300 | |a 30, 1261 p. : |b ill. ; |c 22 cm. | ||
| 500 | |a Includes indexes. | ||
| 651 | 0 | |a Japan |x Economic policy |y 1945- | |
| 651 | 0 | |a Japan |x Economic conditions |y 1945- | |
| 700 | 1 | |a Kanamori, Hisao, |d 1924- | |
| 988 | |a 20020608 | ||
| 906 | |0 DLC | ||


